Pięć najbliższych państw według państw #3 - Statystyki

Ogólne statystyki
  • Ten quiz został rozwiązany 3 272 razy
  • Średni wynik to 28 z 40
Statystyki odpowiedzi
Państwo Najbliższe państwa % Poprawnych
Dania Niemcy
99%
Dania Szwecja
97%
Dania Norwegia
96%
Mongolia Chiny
92%
Mongolia Rosja
92%
Dania Polska
91%
Kuba Stany Zjednoczone
88%
Jemen Oman
85%
Maroko Algieria
84%
Jemen Arabia Saudyjska
84%
Maroko Hiszpania
83%
Mongolia Kazachstan
83%
Kuba Haiti
77%
Kuba Jamajka
76%
Dania Kanada
74%
Mongolia Korea Północna
72%
Kuba Meksyk
70%
Jemen Somalia
70%
Maroko Mauretania
68%
Maroko Wielka Brytania
67%
Kuba Bahamy
65%
Madagaskar Mozambik
65%
Madagaskar Francja
64%
Gwinea Równikowa Kongo
64%
Jemen Erytrea
62%
Maroko Portugalia
62%
Madagaskar Tanzania
62%
Jemen Dżibuti
60%
Gwinea Równikowa Kamerun
60%
Mongolia Kirgistan
60%
Madagaskar Komory
58%
Madagaskar Mauritius
58%
Gwinea Równikowa Gabon
55%
Gwinea Równikowa Nigeria
54%
Palau Indonezja
52%
Palau Mikronezja
51%
Palau Papua-Nowa Gwinea
48%
Palau Filipiny
43%
Palau Malezja
39%
Gwinea Równikowa Wyspy Świętego Tomasza i Książeca
38%
Nie znaleziono quizów pasujących do podanych kryteriów
Rozkład punktacji
Procent ludzi z każdym wynikiem
Percentyl według liczby udzielonych odpowiedzi
Twoja historia wyników
Nie rozwiązałeś tego quizu